000 01343cam a2200133 4500500
005 20251214004343.0
041 _afre
042 _adc
100 1 0 _aRoyot, Daniel
_eauthor
245 0 0 _aLes Indiens d'Amérique du Nord
260 _bArmand Colin,
_c2007.
520 _aLes Améridiens exercent depuis un demi-millénaire une fascination profonde. Cette civilisation plonge ses racines dans un lointain passé pré-colombien. Sur le continent américain, elle a en partie survécu aux confrontations avec les Euro-Américains depuis le XVIe siècle et l’immigration massive et souvent violente du XIXe s.L’auteur propose une approche méthodique visant à interpréter efficacement et sereinement la masse d’informations offerte sur les Indiens d’Amérique du Nord. Il dépeint les enjeux historiques et offre une vision précise de la diversité ethnique des peuples de l’Amérique primordiale: chasseurs des Grandes Plaines, pêcheurs du Pacifique, trappeurs des Grands Lacs, nomades des déserts…Mais cet ouvrage veut également souligner la renaissance indienne du XXe s. qui voit une diaspora issue des réserves affirmer son identité, s’inscrire dans la modernité et revendiquer ses droits.
856 4 1 _uhttps://shs.cairn.info/les-indiens-damerique-du-nord--9782200267797?lang=fr&redirect-ssocas=7080
999 _c1568471
_d1568471